| 000 | 00714nam a2200229 i 4500 | ||
|---|---|---|---|
| 001 | 58611 | ||
| 003 | ES-MaACL | ||
| 005 | 20230906163839.0 | ||
| 007 | t| | ||
| 008 | 031023s1985 sp ||||1| spa d | ||
| 100 | 1 |
_aDurrell, Gerald ( _d1925-1995) _946320 |
|
| 245 | 1 | 4 |
_aLos sabuesos de Bafut / _cGerald Durrell ; ilustraciones de Ralph Thompson ; traducción de Pilar Giralt Gorina. |
| 250 | _a[1ª ed.]. | ||
| 260 |
_aBarcelona : _bPlaneta, _c1985. |
||
| 300 |
_a181 p. : _bil. ; _c21 cm. |
||
| 490 | 1 |
_aDocumento ; _v165 |
|
| 700 | 1 |
_aThompson, Ralph. _9110099 |
|
| 700 | 1 |
_aGiralt, Pilar. _957201 |
|
| 830 | 0 |
_aDocumento ; _v165 _9177347 |
|
| 852 |
_aES-MaACL _jL-7800 _bR.108339 |
||
| 999 |
_c58611 _d58611 |
||